书目信息 |
| 题名: |
肌肉链
|
|
| 作者: | 施米西科 , 施米西科娃 , 施米西科娃 著 ;隋鸿锦 , 于胜波 , 李哲 译 | |
| 分册: | ||
| 出版信息: | 北京 电子工业出版社 2021.01 |
|
| 页数: | 227页 | |
| 开本: | 29cm | |
| 丛书名: | ||
| 单 册: | ||
| 中图分类: | G883.2 | |
| 科图分类: | ||
| 主题词: | 肌肉--Ji Rou--运动训练 | |
| 电子资源: | ||
| ISBN: | 978-7-121-34783-2 | |
| 000 | 01583nam0 2200349 450 | |
| 001 | 012001003382 | |
| 005 | 20141204152204.0 | |
| 010 | @a978-7-121-34783-2@dCNY118.00 | |
| 099 | @aCAL 012018189700 | |
| 100 | @a20220905d2018 em y0chiy50 ea | |
| 101 | 1 | @achi@ceng |
| 102 | @aCN@b110000 | |
| 105 | @aa z 000yy | |
| 106 | @ar | |
| 200 | 1 | @a肌肉链@Aji rou lian@e脊柱的螺旋稳定@f(捷) 理查德·施米西科, 凯瑟琳·施米西科娃, 苏珊·施米西科娃著@g隋鸿锦, 于胜波, 李哲等译 |
| 210 | @a北京@c电子工业出版社@d2021.01 | |
| 215 | @a227页@c图 (部分彩图)@d29cm | |
| 306 | @a本书中文简体字版授予电子工业出版社独家出版发行 | |
| 314 | @a理查德·施米西科, 1954年出生于捷克布拉格, 医学博士, 脊骨医学及内科学专家。隋鸿锦, 教授, 博士生导师, 生命奥义博物馆创始人, 现任大连医科大学解剖学教研室主任。于胜波, 博士, 教授, 硕士研究生导师, 大连医科大学解剖学教研室副主任。李哲, 创立广东医科大学·李哲人体科学工作室。 | |
| 330 | @a本书共七章,内容包括:腰椎间盘突出症、运动和放松状态下的肌肉检查方法、垂直肌肉链中具有紧张和缩短倾向的肌肉、肌松弛失调、螺旋稳定紊乱消除等。 | |
| 500 | 10 | @aMuscle chains@mChinese |
| 517 | 1 | @a脊柱的螺旋稳定@Aji zhu de luo xuan wen ding |
| 606 | 0 | @a肌肉@AJi Rou@x运动训练 |
| 690 | @aG883.2@v5 | |
| 701 | 1 | @a施米西科@Ashimixike@g(Smisek, Richard),@f1954-@4著 |
| 701 | 1 | @a施米西科娃@Ashimixikewa@b凯瑟琳@4著 |
| 701 | 1 | @a施米西科娃@Ashimixikewa@b苏珊@4著 |
| 702 | 0 | @a隋鸿锦@ASui Hongjin@f1965-@4译 |
| 702 | 0 | @a于胜波@AYu Shengbo@f1971-@4译 |
| 702 | 0 | @a李哲@ALi Zhe@4译 |
| 801 | 0 | @aCN@bAHXH@c20221111 |
| 905 | @b1374644-8@dG883.2@e241@f5 | |
| 肌肉链:脊柱的螺旋稳定/(捷) 理查德·施米西科, 凯瑟琳·施米西科娃, 苏珊·施米西科娃著/隋鸿锦, 于胜波, 李哲等译.-北京:电子工业出版社,2021.01 |
| 227页:图 (部分彩图);29cm |
| ISBN 978-7-121-34783-2:CNY118.00 |
| 本书共七章,内容包括:腰椎间盘突出症、运动和放松状态下的肌肉检查方法、垂直肌肉链中具有紧张和缩短倾向的肌肉、肌松弛失调、螺旋稳定紊乱消除等。 |
| ● |
| 相关链接 |
|
|
|
|
正题名:肌肉链
索取号:G883.2/241
 
预约/预借
| 序号 | 登录号 | 条形码 | 馆藏地/架位号 | 状态 | 备注 |
| 1 | 1374644 | 213746446 | 第一样本阅览室/ [索取号:G883.2/241] | 在馆 | |
| 2 | 1374645 | 213746455 | 教育系资料室/ [索取号:G883.2/241] | 在馆 | |
| 3 | 1374646 | 213746464 | 教育系资料室/ [索取号:G883.2/241] | 在馆 | |
| 4 | 1374647 | 213746473 | 第四借阅区/ [索取号:G883.2/241] | 在馆 | |
| 5 | 1374648 | 213746482 | 第四借阅区/ [索取号:G883.2/241] |
已借出,限还日期为2024.09.16 借出人:牛云飞 |